Normal view
MARC view
- Securities
Entry Topical Term
001 - CONTROL NUMBER
- control field: 19913
003 - CONTROL NUMBER IDENTIFIER
- control field: NUST
005 - DATE AND TIME OF LATEST TRANSACTION
- control field: 20190904101601.0
008 - FIXED-LENGTH DATA ELEMENTS
- fixed length control field: 190904|| aca||aabn | a|a d
040 ## - CATALOGING SOURCE
- Original cataloging agency: NUST
- Transcribing agency: NUST
150 ## - HEADING--TOPICAL TERM
- Topical term or geographic name entry element: Securities
- General subdivision: Valuation.
670 ## - SOURCE DATA FOUND
- Source citation: Work cat.: (NUST)0: Equity asset valuation /, c2010.
